World civilizations : (Record no. 335)

000 -LEADER
fixed length control field 01635nam a22004337a 4500
001 - CONTROL NUMBER
control field 19046033
003 - CONTROL NUMBER IDENTIFIER
control field OSt
005 - DATE AND TIME OF LATEST TRANSACTION
control field 20241030084815.0
008 - FIXED-LENGTH DATA ELEMENTS--GENERAL INFORMATION
fixed length control field 160407s2017 mauab b 001 0 eng
010 ## - LIBRARY OF CONGRESS CONTROL NUMBER
LC control number 2016301532
020 ## - INTERNATIONAL STANDARD BOOK NUMBER
International Standard Book Number 9780134444789 (high school binding : hbk.)
020 ## - INTERNATIONAL STANDARD BOOK NUMBER
International Standard Book Number 0134444787 (high school binding : hbk.)
040 ## - CATALOGING SOURCE
Original cataloging agency DLC
Language of cataloging eng
Description conventions rda
Transcribing agency DLC
041 ## - LANGUAGE CODE
Language code of text/sound track or separate title eng
042 ## - AUTHENTICATION CODE
Authentication code pcc
050 00 - LIBRARY OF CONGRESS CALL NUMBER
Classification number CB69
Item number .S84 2017
080 ## - UNIVERSAL DECIMAL CLASSIFICATION NUMBER
Universal Decimal Classification number 008
Item number W-83
100 1# - MAIN ENTRY--PERSONAL NAME
Personal name Stearns, Peter N.,
Relator term author.
245 10 - TITLE STATEMENT
Title World civilizations :
Remainder of title the global experience /
Statement of responsibility, etc. Peter N. Stearns, George Mason University ; Michael Adas, Rutgers University ; Stuart B. Schwartz, Yale University ; Marc Jason Gilbert, Hawaii Pacific University.
250 ## - EDITION STATEMENT
Edition statement Revised AP edition.
250 ## - EDITION STATEMENT
Edition statement Seventh edition.
260 ## - PUBLICATION, DISTRIBUTION, ETC.
Place of publication, distribution, etc. Boston :
Name of publisher, distributor, etc. Pearson,
Date of publication, distribution, etc. [2017]
300 ## - PHYSICAL DESCRIPTION
Extent 1 volume (various pagings) : 946 p. credits 4p. index 23p.
Other physical details illustrations (some color), color maps ;
Dimensions 29 cm
336 ## - CONTENT TYPE
Content type term text
Content type code txt
Source rdacontent
337 ## - MEDIA TYPE
Media type term unmediated
Media type code n
Source rdamedia
338 ## - CARRIER TYPE
Carrier type term volume
Carrier type code nc
Source rdacarrier
500 ## - GENERAL NOTE
General note Map on lining papers.
504 ## - BIBLIOGRAPHY, ETC. NOTE
Bibliography, etc. note Includes bibliographical references and index.
650 #0 - SUBJECT ADDED ENTRY--TOPICAL TERM
Topical term or geographic name entry element Civilization
General subdivision History.
650 #0 - SUBJECT ADDED ENTRY--TOPICAL TERM
Topical term or geographic name entry element Civilization
General subdivision History
Form subdivision Sources.
653 ## - INDEX TERM--UNCONTROLLED
Uncontrolled term ცივილიზაცია
653 ## - INDEX TERM--UNCONTROLLED
Uncontrolled term ისტორია
700 1# - ADDED ENTRY--PERSONAL NAME
Personal name Adas, Michael,
Dates associated with a name 1943-
Relator term author.
700 1# - ADDED ENTRY--PERSONAL NAME
Personal name Schwartz, Stuart B.,
Relator term author.
700 1# - ADDED ENTRY--PERSONAL NAME
Personal name Gilbert, Marc Jason,
Relator term author.
906 ## - LOCAL DATA ELEMENT F, LDF (RLIN)
a 7
b cbc
c orignew
d 3
e ncip
f 20
g y-gencatlg
942 ## - ADDED ENTRY ELEMENTS (KOHA)
Source of classification or shelving scheme
Koha item type Books
Edition 7
Holdings
Withdrawn status Lost status Source of classification or shelving scheme Damaged status Not for loan Permanent location Current location Date acquired Inventory number Total Checkouts Full call number Barcode Date last seen Price effective from Koha item type
          Ken Walker International University Ken Walker International University 11/21/2020 977   008 W-83 977 11/21/2020 11/21/2020 Books

Powered by Koha